| 000 | 00859cab a22001935a 4500 | ||
|---|---|---|---|
| 001 | L146722 | ||
| 008 | 090219S2009 xxkdo f s 000 0 eng d | ||
| 035 | _a(Sirsi) u146722 | ||
| 041 | 0 | _aeng | |
| 100 | 1 | _aMenary, Steve | |
| 245 | 0 | 0 | _aOff plan |
| 260 | _c2009 | ||
| 490 |
_aHousebuilder _vJan-Feb 2009, 25-26(2) |
||
| 520 | _aThe results of this annual house types survey show that planning applications fell by a quarter in 2008 and that housebuilders are reducing starts. The number of luxury property planning applications rose, but this is a very small part of the market. Details planning application statistics for all the major housebuilders, with Barratt leading the field with 9 788 applications. | ||
| 590 | _aKA | ||
| 651 | 4 |
_aUnited Kingdom _y |
|
| 690 | _aPROPERTY-RESIDENTIAL PROPERTY-DOMESTIC RESIDENTIAL PROPERTY-HOUSING | ||
| 942 | _n0 | ||
| 999 |
_c81267 _d81267 |
||